ARRUPE JESUIT UNIVERSITY

CORONAVIRUS -STOP THE SPREAD - CLEAN,DISINFECT,COVER

The fourth industrial revolution (Record no. 130235)

MARC details
000 -LEADER
fixed length control field 00573nam a22001697a 4500
008 - FIXED-LENGTH DATA ELEMENTS--GENERAL INFORMATION
fixed length control field 200131b ||||| |||| 00| 0 eng d
020 ## - INTERNATIONAL STANDARD BOOK NUMBER
International Standard Book Number 9780241300756
050 ## - LIBRARY OF CONGRESS CALL NUMBER
Classification number HC79.T4
Item number S3379 2017
100 ## - MAIN ENTRY--PERSONAL NAME
Personal name Schwab, Klaus
9 (RLIN) 49206
245 ## - TITLE STATEMENT
Title The fourth industrial revolution
Statement of responsibility, etc Klaus Schwab
260 ## - PUBLICATION, DISTRIBUTION, ETC. (IMPRINT)
Place of publication, distribution, etc United Kingdom
Name of publisher, distributor, etc Penguin
Date of publication, distribution, etc 2017
300 ## - PHYSICAL DESCRIPTION
Extent viii, 184p. ;
Dimensions 24cm.
650 ## - SUBJECT ADDED ENTRY--TOPICAL TERM
Topical term or geographic name as entry element Technological innovations
General subdivision Economic aspects
9 (RLIN) 18279
650 ## - SUBJECT ADDED ENTRY--TOPICAL TERM
Topical term or geographic name as entry element Technological innovations
General subdivision Social aspects
9 (RLIN) 41827
650 ## - SUBJECT ADDED ENTRY--TOPICAL TERM
Topical term or geographic name as entry element Technology and civilization
9 (RLIN) 49207
942 ## - ADDED ENTRY ELEMENTS (KOHA)
Source of classification or shelving scheme Library of Congress Classification
Item type Monograph ( Printed materials)
Holdings
Withdrawn status Lost status Source of classification or shelving scheme Damaged status Not for loan Collection code Home library Current library Shelving location Date acquired Total Checkouts Full call number Barcode Date last seen Date last borrowed Price effective from Koha item type
    Library of Congress Classification     Main Collection ARRUPE LIBRARY ARRUPE LIBRARY Main Collection 31/01/2020 2 HC79.T4 S3379 2017 46600006642 22/01/2026 17/09/2025 31/01/2020 Monograph ( Printed materials)

 

Arrupe Library. PO Box MP320 Mt Pleasant, Harare, Zimbabwe
263 242 745411|librarian@aju.ac.zw